[Event "Muensterland Regionalliga 1718"]
[Site "Germany"]
[Date "2017.12.02"]
[Round "4.5"]
[White "Broemmel, Rudolf"]
[Black "Peters, Helmut"]
[Result "1/2-1/2"]
[WhiteElo "1901"]
[BlackElo "1980"]
[PlyCount "101"]
[EventDate "2017.09.02"]
[EventType "team-tourn"]
[EventRounds "9"]
[EventCountry "GER"]
[SourceTitle "EXT 2019"]
[Source "ChessBase"]
[SourceDate "2018.10.10"]
[SourceVersion "1"]
[SourceVersionDate "2018.10.10"]
[SourceQuality "1"]
[WhiteTeam "Raesfeld Erle"]
[BlackTeam "Muenster SK III"]
[WhiteTeamCountry "GER"]
[BlackTeamCountry "GER"]

1. d4 Nf6 2. Nc3 d5 3. h3 Bf5 4. e3 e6 5. Bd3 Bg6 6. Nf3 c5 7. Bxg6 hxg6 8. 0-0 Nc6 9. Qe2 Ne4 10. Rd1 Nxc3 11. bxc3 Qa5 12. Bd2 c4 13. e4 Be7 14. exd5 Qxd5 15. Bf4 0-0 16. a4 a6 17. Nd2 b5 18. Rdb1 g5 19. Bg3 f5 20. f4 Bd6 21. Qf1 Ne7 22. h4 g4 23. Be1 Qc6 24. g3 Nd5 25. axb5 axb5 26. Qg2 Rxa1 27. Rxa1 Ra8 28. Rxa8+ Qxa8 29. Qe2 Kf7 30. Nf1 Qa3 31. Qd2 b4 32. cxb4 Bxb4 33. Qe2 Qa1 34. Bxb4 Qxd4+ 35. Qf2 Qxf2+ 36. Kxf2 Nxb4 37. Ne3 c3 38. Nd1 Nd5 39. Ke2 e5 40. fxe5 Ke6 41. Kd3 Kxe5 42. Nf2 Nf6 43. Ke3 f4+ 44. gxf4+ Kf5 45. Nd3 Nd5+ 46. Kf2 Nxf4 47. Nc1 Ne6 48. Ne2 Kg6 49. Nxc3 Kh5 50. Kg3 Nd4 51. Nd5 1/2-1/2

[Event "Muensterland Regionalliga 1415"]
[Site "Germany"]
[Date "2014.11.22"]
[Round "3.4"]
[White "Broemmel, Rudolf"]
[Black "Althoff, Ralph"]
[Result "1-0"]
[WhiteElo "1892"]
[BlackElo "1965"]
[PlyCount "83"]
[EventDate "2014.09.20"]
[EventType "team-tourn"]
[EventRounds "9"]
[EventCountry "GER"]
[SourceTitle "EXT 2016"]
[Source "ChessBase"]
[SourceDate "2015.10.08"]
[SourceVersion "1"]
[SourceVersionDate "2015.10.08"]
[SourceQuality "1"]
[WhiteTeam "Raesfeld Erle"]
[BlackTeam "Olfen"]
[WhiteTeamCountry "GER"]
[BlackTeamCountry "GER"]

1. d4 f5 2. Bg5 g6 3. e3 Bg7 4. Bc4 d5 5. Bb3 c5 6. c3 c4 7. Bc2 Nf6 8. Nd2 0-0 9. h4 Nh5 10. Ne2 Nc6 11. Nf4 Nxf4 12. Bxf4 e5 13. dxe5 Nxe5 14. Bxe5 Bxe5 15. Nf3 Bf6 16. Qd2 Be6 17. Nd4 Bf7 18. g3 Rc8 19. Bd1 Qd6 20. Bf3 Rfe8 21. Kf1 Rc5 22. Rd1 Qa6 23. a3 Qb6 24. Kg2 Rd8 25. Rhe1 Rd6 26. Re2 Kg7 27. Qe1 Rc7 28. Qh1 h6 29. Qh3 Be8 30. h5 Ba4 31. Rdd2 Bd7 32. hxg6 Bxd4 33. Rxd4 f4 34. Qh4 fxg3 35. Qe7+ Kxg6 36. Be4+ Bf5 37. Bxf5+ Kxf5 38. Rf4+ Kg6 39. Rg4+ Kf5 40. Rf4+ Kg6 41. Qe8+ Kh7 42. Rf8 1-0

[Event "Muensterland Regionalliga 1415"]
[Site "Germany"]
[Date "2014.09.20"]
[Round "1.2"]
[White "Broemmel, Rudolf"]
[Black "Liesmann, Karsten"]
[Result "1-0"]
[WhiteElo "1892"]
[BlackElo "1995"]
[PlyCount "71"]
[EventDate "2014.09.20"]
[EventType "team-tourn"]
[EventRounds "9"]
[EventCountry "GER"]
[SourceTitle "EXT 2016"]
[Source "ChessBase"]
[SourceDate "2015.10.08"]
[SourceVersion "1"]
[SourceVersionDate "2015.10.08"]
[SourceQuality "1"]
[WhiteTeam "Raesfeld Erle"]
[BlackTeam "Bocholt"]
[WhiteTeamCountry "GER"]
[BlackTeamCountry "GER"]

1. d4 e6 2. g3 f5 3. Bg2 Nf6 4. Nh3 d5 5. 0-0 Bd6 6. Bf4 Be7 7. Nd2 0-0 8. Nf3 c5 9. dxc5 Bxc5 10. c4 Nc6 11. Ne5 Ne4 12. cxd5 exd5 13. Rc1 Bb6 14. Nxc6 bxc6 15. Rxc6 Bb7 16. Rc1 Qf6 17. Qb3 Rf7 18. Kh1 h6 19. f3 Nc5 20. Qa3 Ne6 21. Bd2 d4 22. Nf2 Kh8 23. Nd3 g5 24. Qd6 Bc7 25. Qb4 Bb6 26. Qb5 Kg7 27. a4 Nc7 28. Qe5 a5 29. f4 Bxg2+ 30. Kxg2 g4 31. Rc6 Qxe5 32. Nxe5 Rf6 33. Rxf6 Kxf6 34. Nd7+ Ke6 35. Nxb6 Rb8 36. Bxa5 1-0

[Event "Muensterland Verbandsliga 1112"]
[Site "Germany"]
[Date "2012.01.28"]
[Round "6.4"]
[White "Broemmel, Rudolf"]
[Black "Becker, Daniel"]
[Result "0-1"]
[WhiteElo "1879"]
[BlackElo "1910"]
[PlyCount "136"]
[EventDate "2011.09.24"]
[EventType "team-tourn"]
[EventRounds "9"]
[EventCountry "GER"]
[SourceTitle "EXT 2013"]
[Source "ChessBase"]
[SourceDate "2012.11.22"]
[SourceVersion "1"]
[SourceVersionDate "2012.11.22"]
[SourceQuality "1"]
[WhiteTeam "Raesfeld Erle"]
[BlackTeam "Nienberge"]
[WhiteTeamCountry "GER"]
[BlackTeamCountry "GER"]

1. d4 g6 2. g3 Bg7 3. Bg2 d6 4. c3 Nc6 5. Qa4 Bd7 6. Qc2 e5 7. dxe5 dxe5 8. e4 Be6 9. b3 Nf6 10. Ba3 Qd7 11. Nd2 0-0-0 12. Ke2 Bh6 13. Rd1 Bg4+ 14. f3 Be6 15. Nf1 Qe8 16. Ne3 Nh5 17. Nh3 Kb8 18. Nf2 f5 19. Rxd8+ Nxd8 20. Rd1 Bxe3 21. Kxe3 f4+ 22. gxf4 Nxf4 23. Bf1 Qf7 24. Ng4 Nc6 25. Kd2 Bxg4 26. fxg4 Ne6 27. Kc1 Qf4+ 28. Kb1 Qxg4 29. Bc4 Rd8 30. Rxd8+ Ncxd8 31. Be7 Nc6 32. Ba3 Nf4 33. Bc5 Qg2 34. Qxg2 Nxg2 35. Kc2 Kc8 36. Be6+ Kd8 37. Bf2 Ke7 38. Bd5 Kd6 39. Bg8 h6 40. Bf7 g5 41. b4 b6 42. Kd2 Nd8 43. Bc4 Ke7 44. a4 h5 45. a5 Nb7 46. axb6 axb6 47. Bf1 Nf4 48. Ke3 Nd6 49. Be1 Kf6 50. c4 Ne6 51. Be2 Nf4 52. Bf1 Nb7 53. c5 bxc5 54. Ba6 Nd8 55. bxc5 Nde6 56. Bb4 Nd4 57. Ba5 Nfe6 58. Bc4 Nc6 59. Bxe6 Nxa5 60. Bd7 Nb3 61. c6 Nd4 62. Be8 h4 63. Kf2 g4 64. Bd7 Kg5 65. Ke3 g3 66. hxg3 hxg3 67. Be8 Kg4 68. Bd7+ Kh4 0-1

[Event "Muensterland Verbandsklasse-A 0910"]
[Site "Germany"]
[Date "2010.01.30"]
[Round "6.2"]
[White "Broemmel, Rudolf"]
[Black "Schroer, Klaus"]
[Result "0-1"]
[WhiteElo "1975"]
[BlackElo "1862"]
[PlyCount "60"]
[EventDate "2009.09.19"]
[EventType "team-tourn"]
[EventRounds "9"]
[EventCountry "GER"]
[SourceTitle "EXT 2011"]
[Source "ChessBase"]
[SourceDate "2010.11.26"]
[SourceVersion "1"]
[SourceVersionDate "2010.11.26"]
[SourceQuality "1"]
[WhiteTeam "Raesfeld Erle"]
[BlackTeam "Borken"]
[WhiteTeamCountry "GER"]
[BlackTeamCountry "GER"]

1. d4 d5 2. Bg5 Nf6 3. Bxf6 exf6 4. e3 Bf5 5. c4 Bxb1 6. Qxb1 Bb4+ 7. Ke2 dxc4 8. Qe4+ Be7 9. Qxb7 Nd7 10. Qc6 Rb8 11. Rb1 0-0 12. Qxc4 c5 13. dxc5 Ne5 14. Qc2 Bxc5 15. Nf3 Qa5 16. Nxe5 fxe5 17. Kf3 Rfd8 18. Bc4 Rd2 19. Qf5 Qb6 20. Rhd1 e4+ 21. Qxe4 Qf6+ 22. Kg3 Bd6+ 23. Kh3 Rxf2 24. Qh4 Rf3+ 25. gxf3 Qxf3+ 26. Qg3 Bxg3 27. hxg3 Qf5+ 28. g4 Qf3+ 29. Kh2 Qf2+ 30. Kh1 Qh4+ 0-1